| 000 | 00457cam a2200181ua 4500 | ||
|---|---|---|---|
| 020 |
_a81-204-0454-8 _c75.00 |
||
| 041 |
_aeng _h |
||
| 082 |
_a551.49 _bHAN/GR |
||
| 100 | _aHanda, D P . | ||
| 245 |
_aGround water drilling / _cD P Handa. _hTextual Documents |
||
| 250 |
_a1 / _b. |
||
| 260 |
_aNew Delhi : _bOxford & IBH Publishing company , _c1984. |
||
| 300 | _a236 ; . | ||
| 365 | _a75.00 | ||
| 504 | _a | ||
| 942 | _cBK | ||
| 999 |
_c9778 _d9778 |
||